<?xml version="1.0" encoding="UTF-8"?>
<marc:record xmlns:marc="http://www.loc.gov/MARC21/slim">
   <marc:leader>00000nam a2200000 a 4500</marc:leader>
   <marc:datafield ind1="1" ind2=" " tag="100">
      <marc:subfield code="a">Auer, Margit</marc:subfield>
      <marc:subfield code="4">aut</marc:subfield>
      <marc:subfield code="e">Verfasser/-in</marc:subfield>
   </marc:datafield>
   <marc:datafield ind1="0" ind2="0" tag="245">
      <marc:subfield code="a">Matice und Mette-Maja</marc:subfield>
   </marc:datafield>
   <marc:datafield ind1=" " ind2="1" tag="264">
      <marc:subfield code="b">Carlsen Verlag GmbH</marc:subfield>
      <marc:subfield code="c">2021</marc:subfield>
   </marc:datafield>
   <marc:datafield ind1="1" ind2=" " tag="490">
      <marc:subfield code="a">Die Schule der magischen Tiere</marc:subfield>
   </marc:datafield>
   <marc:datafield ind1="1" ind2=" " tag="520">
      <marc:subfield code="a">DIE SCHULE DER MAGISCHEN TIERE – ENDLICH FERIEN: In der Schule der magischen Tiere heißt es: Endlich Ferien! Die magischen Tiere packen ihre Koffer – und das Abenteuer beginnt … 
Auf nach Dänemark! Endlich kann Hatice schwimmen und mit ihren Brüdern Unterwasserforscherin spielen. Aber vor allem freut sie sich darauf, mit ihrer magischen Robbe im Meer abzutauchen! Doch dann kommt alles anders – denn Hatice und Mette-Maja finden eine Schatzkarte. Eine spannende Suche beginnt …
</marc:subfield>
   </marc:datafield>
   <marc:datafield ind1=" " ind2=" " tag="020">
      <marc:subfield code="a">9783551653369</marc:subfield>
      <marc:subfield code="9">9783551653369</marc:subfield>
   </marc:datafield>
</marc:record>
